| 000 | 00330nam a22001097a 4500 | ||
|---|---|---|---|
| 008 | 230607b xxu||||| |||| 00| 0 eng d | ||
| 082 |
_a338.96762 _bMRD |
||
| 245 |
_aMinistry of Regional Development Authorities _bStrategic Plan 2008-2012 |
||
| 260 |
_aNairobi,Kenya _bGovernment of Kenya _c2009 |
||
| 300 | _aVIII,80p | ||
| 942 |
_2ddc _cBK |
||
| 999 |
_c819 _d819 |
||